[Event "Mittelfrankenliga 05/06 (B1)"]
[Site "Mfr.2005/06-R4"]
[Date "2006.01.15"]
[Round "4.7"]
[White "Kaegeler, Peter"]
[Black "Nachtrab, Robert"]
[Result "0-1"]
[WhiteElo "1688"]
[BlackElo "1773"]
[Annotator "Büchenbach/Rh.1-Cadolzburg1"]
[PlyCount "94"]
[EventDate "2006.01.15"]
[SourceDate "2005.10.17"]

1. f4 d5 2. d4 Nf6 3. Nf3 e6 4. e3 c5 5. c3 Nc6 6. Be2 cxd4 7. exd4 Bd6 8. O-O
O-O 9. Ne5 Ne4 10. Nd2 f6 11. Nd3 Qc7 12. Nf3 b6 13. Be3 Na5 14. Qc1 Bd7 15.
Nf2 Nxf2 16. Rxf2 Rac8 17. Ba6 Rb8 18. Bd3 b5 19. Qf1 Nc4 20. Bxc4 bxc4 21. Rb1
Rb6 22. Qc1 Rfb8 23. Qc2 a5 24. g3 a4 25. Bc1 Qb7 26. Ra1 Qa6 27. a3 Be8 28.
Nh4 Qb7 29. Qe2 Qd7 30. Ng2 Bg6 31. Ne3 Re8 32. Qg4 Bf8 33. Qd1 Be4 34. Nc2 e5
35. fxe5 fxe5 36. dxe5 Bc5 37. Nd4 Rxe5 38. Bf4 Re8 39. Qd2 Rf8 40. Be3 Rxf2
41. Bxf2 Qb7 42. Qg5 h6 43. Qd8+ Kh7 44. Re1 Rxb2 45. Rxe4 dxe4 46. Ne6 Bxf2+
47. Kf1 Bc5 0-1

[Event "Mittelfrankenliga 05/06 (B1)"]
[Site "Mfr.2005/06-R4"]
[Date "2006.01.15"]
[Round "4.8"]
[White "Hofer, Markus"]
[Black "Kollitz, Alexander"]
[Result "1-0"]
[WhiteElo "1647"]
[BlackElo "1561"]
[Annotator "Büchenbach/Rh.1-Cadolzburg1"]
[PlyCount "133"]
[EventDate "2006.01.15"]
[SourceDate "2005.10.17"]

1. d4 Nf6 2. c4 e6 3. Nc3 Bb4 4. e3 O-O 5. Nf3 d5 6. Bd3 c5 7. O-O Nc6 8. a3
Bxc3 9. bxc3 b6 10. cxd5 exd5 11. a4 Re8 12. Ba3 c4 13. Bc2 Bg4 14. h3 Bh5 15.
Qe1 Ne4 16. Nh2 Qg5 17. f4 Qg3 18. Bxe4 Qxe1 19. Raxe1 Rxe4 20. g4 Bg6 21. f5
Bxf5 22. Rxf5 Rd8 23. Nf1 g6 24. Rf6 Nb8 25. Rd6 Rxd6 26. Bxd6 Nd7 27. Kf2 Re6
28. Bb4 Nf6 29. Nd2 Ne4+ 30. Nxe4 Rxe4 31. Ke2 Kg7 32. Rf1 h6 33. Bd6 f6 34.
Rb1 Re8 35. Rb5 Kf7 36. a5 Ke6 37. Bg3 bxa5 38. Rxa5 Re7 39. Ra6+ Kf7 40. Bb8
Rb7 41. Rxa7 Rxa7 42. Bxa7 f5 43. gxf5 gxf5 44. Kf3 Kg6 45. Kf4 Kf6 46. h4 Ke6
47. Bb8 Kf6 48. h5 Ke6 49. Be5 Ke7 50. Kxf5 Kf7 51. Bf6 Ke8 52. Kg6 Kd7 53.
Kxh6 Kc6 54. Kg5 Kb5 55. h6 Ka4 56. Be7 Kb3 57. Bb4 Kc2 58. h7 Kd3 59. Kf4 Ke2
60. h8=Q Kd3 61. Kf3 Kc2 62. Ke2 Kb3 63. Qa8 Kb2 64. Kd2 Kb1 65. Ba3 Ka2 66.
Kc2 Ka1 67. Bb2# 1-0

[Event "Mittelfrankenliga 05/06 (B2a)"]
[Site "Mfr.2005/06-R4"]
[Date "2006.01.15"]
[Round "4.1"]
[White "Kuhlmann, Christoph,Dr."]
[Black "Goetz, Dieter[65]"]
[Result "1-0"]
[WhiteElo "2097"]
[BlackElo "1872"]
[Annotator "Nbg.1911/2-Lauf1"]
[PlyCount "43"]
[EventDate "2006.01.15"]
[SourceDate "2005.10.17"]

1. c4 Nf6 2. Nc3 d6 3. g3 g6 4. Bg2 Bg7 5. e4 e5 6. Nge2 O-O 7. O-O Nc6 8. f4
Be6 9. d3 Qd7 10. Nd5 Bg4 11. Ne3 exf4 12. gxf4 Bh5 13. Bf3 Bxf3 14. Rxf3 Nh5
15. f5 Nd4 16. Nxd4 Bxd4 17. Kh1 c5 18. Nd5 Kg7 19. Qd2 Kh8 20. f6 Qg4 21. Qg2
Qh4 22. Bg5 1-0

[Event "Mittelfrankenliga 05/06 (B2a)"]
[Site "Mfr.2005/06-R4"]
[Date "2006.01.15"]
[Round "4.2"]
[White "Hannweber, Markus"]
[Black "Hauernherm-Thoma, Wolfgang"]
[Result "1/2-1/2"]
[WhiteElo "1853"]
[BlackElo "2071"]
[Annotator "Nbg.1911/2-Lauf1"]
[PlyCount "61"]
[EventDate "2006.01.15"]
[SourceDate "2005.10.17"]

1. e4 d6 2. d4 Nf6 3. Bd3 e5 4. Nf3 c6 5. O-O Nbd7 6. c3 Be7 7. Bg5 O-O 8. Nbd2
Re8 9. Re1 Qc7 10. h3 Bf8 11. Bc4 b5 12. Bb3 Bb7 13. dxe5 dxe5 14. Nf1 h6 15.
Bh4 c5 16. Bc2 c4 17. a4 a6 18. N3d2 Rad8 19. Qe2 Qc6 20. f3 Nc5 21. axb5 axb5
22. Ne3 Nd3 23. Bxd3 Rxd3 24. Ndf1 Bc5 25. Bf2 Nh5 26. g3 Qg6 27. Kh2 Qb6 28.
Ng4 Bxf2 29. Nxf2 Rd7 30. Rad1 Red8 31. Kg2 1/2-1/2

[Event "Mittelfrankenliga 05/06 (B2a)"]
[Site "Mfr.2005/06-R4"]
[Date "2006.01.15"]
[Round "4.3"]
[White "Puschak, Oliver"]
[Black "Dereser, Marc"]
[Result "1/2-1/2"]
[WhiteElo "1918"]
[BlackElo "1851"]
[Annotator "Nbg.1911/2-Lauf1"]
[PlyCount "68"]
[EventDate "2006.01.15"]
[SourceDate "2005.10.17"]

1. d4 d5 2. Nf3 Nf6 3. Bf4 e6 4. e3 Bd6 5. Bxd6 Qxd6 6. Nbd2 O-O 7. c4 c5 8.
dxc5 Qxc5 9. cxd5 Nxd5 10. Be2 Nc6 11. O-O b5 12. Rc1 Qb6 13. Nb3 Bb7 14. Nc5
Rfd8 15. Qb3 a6 16. Nxb7 Qxb7 17. Ng5 Ne5 18. Qc2 Nf6 19. f4 Rac8 20. Qb1 Ng6
21. Kh1 h6 22. Nxe6 Re8 23. Bf3 Qe7 24. Nd4 Qxe3 25. Nf5 Rxc1 26. Qxc1 Qxc1 27.
Rxc1 Nxf4 28. h3 Nd3 29. Rc6 Ne5 30. Rxa6 Nxf3 31. gxf3 Re1+ 32. Kg2 Re2+ 33.
Kg3 Rxb2 34. a3 Ra2 1/2-1/2

[Event "Mittelfrankenliga 05/06 (B2a)"]
[Site "Mfr.2005/06-R4"]
[Date "2006.01.15"]
[Round "4.4"]
[White "Walter, Markus,Dr."]
[Black "Petersammer, Georg"]
[Result "1/2-1/2"]
[WhiteElo "1952"]
[BlackElo "1970"]
[Annotator "Nbg.1911/2-Lauf1"]
[PlyCount "58"]
[EventDate "2006.01.15"]
[SourceDate "2005.10.17"]

1. e4 c5 2. Nf3 Nc6 3. Bb5 g6 4. O-O Bg7 5. c3 a6 6. Bxc6 bxc6 7. d4 cxd4 8.
cxd4 Qb6 9. Nc3 d6 10. h3 Be6 11. Re1 Rb8 12. Bf4 Rd8 13. Qd2 f6 14. Rac1 Bf7
15. Qe2 e5 16. Be3 Qb7 17. Red1 exd4 18. Nxd4 Ne7 19. Qg4 h5 20. Qe2 O-O 21. b3
Rfe8 22. Na4 c5 23. Nf3 Qxe4 24. Qxa6 Nd5 25. Nd2 Qe7 26. Nf1 f5 27. Qd3 f4 28.
Bd2 Qe2 29. Bc3 Nxc3 1/2-1/2

[Event "Mittelfrankenliga 05/06 (B2a)"]
[Site "Mfr.2005/06-R4"]
[Date "2006.01.15"]
[Round "4.5"]
[White "Zach, Andreas[59]"]
[Black "Leibing, Kai-Ingo"]
[Result "1/2-1/2"]
[WhiteElo "1879"]
[BlackElo "1850"]
[Annotator "Nbg.1911/2-Lauf1"]
[PlyCount "39"]
[EventDate "2006.01.15"]
[SourceDate "2005.10.17"]

1. d4 d6 2. e4 Nf6 3. Nc3 c6 4. Be2 Nbd7 5. Nf3 e6 6. O-O Be7 7. b3 O-O 8. Bb2
a6 9. e5 Nd5 10. Ne4 dxe5 11. dxe5 Nf4 12. Qd2 Nxe2+ 13. Qxe2 Nc5 14. Rad1 Qc7
15. Nd6 b6 16. Nxc8 Raxc8 17. Rd2 Rcd8 18. Rfd1 Rxd2 19. Rxd2 Rd8 20. Rxd8+
1/2-1/2

[Event "Mittelfrankenliga 05/06 (B2a)"]
[Site "Mfr.2005/06-R4"]
[Date "2006.01.15"]
[Round "4.6"]
[White "Hennig, Andreas"]
[Black "Winkler, Marcus[78]"]
[Result "1-0"]
[WhiteElo "1837"]
[BlackElo "1812"]
[Annotator "Nbg.1911/2-Lauf1"]
[PlyCount "55"]
[EventDate "2006.01.15"]
[SourceDate "2005.10.17"]

1. d4 Nf6 2. c4 d6 3. Nc3 g6 4. e4 Bg7 5. Nf3 O-O 6. Be2 Nbd7 7. O-O e5 8. d5
a5 9. Ne1 Nc5 10. f3 Nfd7 11. Bd3 f5 12. f4 fxe4 13. Nxe4 Nxe4 14. Bxe4 Nc5 15.
Bc2 exf4 16. Rb1 Be5 17. Nf3 Bg4 18. Kh1 Qf6 19. Qe1 Bxf3 20. Rxf3 b6 21. Qf1
g5 22. g4 Rae8 23. Qh3 Rf7 24. Qh5 Bd4 25. Bxh7+ Kg7 26. Bxf4 Qh6 27. Be5+ Bxe5
28. Rxf7+ 1-0

[Event "Mittelfrankenliga 05/06 (B2a)"]
[Site "Mfr.2005/06-R4"]
[Date "2006.01.15"]
[Round "4.7"]
[White "Breitenbach, Albert"]
[Black "Zimmer, Frank,Dr."]
[Result "1/2-1/2"]
[WhiteElo "1804"]
[BlackElo "1807"]
[Annotator "Nbg.1911/2-Lauf1"]
[PlyCount "59"]
[EventDate "2006.01.15"]
[SourceDate "2005.10.17"]

1. e4 Nf6 2. Nc3 d5 3. exd5 Nxd5 4. Nf3 Nxc3 5. bxc3 Bg4 6. Be2 c5 7. d4 e6 8.
O-O Nc6 9. Re1 Be7 10. Bb2 O-O 11. Rb1 Qa5 12. Qc1 b5 13. Qf4 Bf5 14. d5 Nd8
15. Bd3 Bxd3 16. cxd3 Bf6 17. c4 Bxb2 18. Rxb2 exd5 19. Rxb5 Qxa2 20. Ng5 h6
21. Nf3 Ne6 22. Qc1 dxc4 23. dxc4 Rab8 24. Ne5 Rxb5 25. cxb5 Qb3 26. Qa1 Qxb5
27. Qxa7 Qb8 28. Qe7 Qc7 29. Qxc7 Nxc7 30. Nd7 1/2-1/2

[Event "Mittelfrankenliga 05/06 (B2a)"]
[Site "Mfr.2005/06-R4"]
[Date "2006.01.15"]
[Round "4.8"]
[White "Huger, Horst"]
[Black "Krausser, Hans"]
[Result "0-1"]
[WhiteElo "1825"]
[BlackElo "1874"]
[Annotator "Nbg.1911/2-Lauf1"]
[PlyCount "120"]
[EventDate "2006.01.15"]
[SourceDate "2005.10.17"]

1. e4 c5 2. Nf3 e6 3. d4 cxd4 4. Nxd4 Nf6 5. Nc3 Bb4 6. e5 Ne4 7. Qg4 Nxc3 8.
Qxg7 Rf8 9. a3 Nb5+ 10. axb4 Nxd4 11. Bh6 Qe7 12. O-O-O Nf5 13. Qxf8+ Qxf8 14.
Bxf8 Kxf8 15. b5 a6 16. g4 Ne7 17. f4 axb5 18. Bxb5 Ra1+ 19. Kd2 Rxd1+ 20. Rxd1
Nd5 21. Rf1 b6 22. Ra1 Nc7 23. Bd3 Kg7 24. Ra7 Nca6 25. f5 exf5 26. gxf5 Nc6
27. f6+ Kh6 28. Ra8 Bb7 29. Rh8 Nxe5 30. Rxh7+ Kg5 31. h4+ Kxf6 32. Rh6+ Ng6
33. Rh5 Nc5 34. Rf5+ Ke6 35. h5 Nxd3 36. hxg6 fxg6 37. Rb5 Ne5 38. Rxb6+ Bc6
39. Rb8 g5 40. Rf8 g4 41. Ke2 g3 42. Rg8 g2 43. Kf2 Kf5 44. Rf8+ Ke6 45. Rg8
Kf7 46. Rg3 Ng6 47. Rxg2 Bxg2 48. Kxg2 Ke6 49. Kf3 Kd5 50. Ke3 Ne5 51. Kd2 Kc4
52. Kd1 Kd4 53. Kd2 Nc4+ 54. Kc1 Ke3 55. b3 Nd2 56. Kb2 Kd4 57. b4 Kc4 58. b5
Kxb5 59. Kc3 Nf3 60. Kd3 Kc5 0-1

[Event "Mittelfrankenliga 05/06 (B2a)"]
[Site "Mfr.2005/06-R4"]
[Date "2006.01.15"]
[Round "4.1"]
[White "Schatz, Christian"]
[Black "Krisin, Joachim"]
[Result "1/2-1/2"]
[WhiteElo "2108"]
[BlackElo "1898"]
[Annotator "Siem.Erlangen1-SZFürth1"]
[PlyCount "104"]
[EventDate "2006.01.15"]
[SourceDate "2005.10.17"]

1. c4 c5 2. Nf3 g6 3. d4 cxd4 4. Nxd4 Bg7 5. e4 Nc6 6. Be3 Nf6 7. Nc3 d6 8. Be2
O-O 9. O-O Bd7 10. Qd2 Nxd4 11. Bxd4 Bc6 12. f3 a5 13. b3 Nd7 14. Be3 Nc5 15.
Rab1 f5 16. exf5 Rxf5 17. Bd3 Nxd3 18. Qxd3 Qc7 19. Rbc1 Rc8 20. Nd5 Bxd5 21.
cxd5 Qd7 22. Rc4 Rxc4 23. bxc4 Qa4 24. Qb3 Qxb3 25. axb3 Bc3 26. Rc1 Bb4 27.
Kf2 Rf8 28. Rc2 Rc8 29. Ke2 Kf7 30. Kd3 e6 31. dxe6+ Kxe6 32. Re2 Kf7 33. Bb6
Ra8 34. Ra2 Ra6 35. Bd4 Rc6 36. g4 b6 37. f4 Bc5 38. Bc3 Rc7 39. Re2 Rd7 40.
Kc2 d5 41. Rd2 Ke6 42. Re2+ Kf7 43. cxd5 Rxd5 44. Re4 Rd7 45. Rc4 Re7 46. Be5
Rd7 47. h4 h5 48. f5 hxg4 49. fxg6+ Kxg6 50. Rxg4+ Kh5 51. Rc4 Rd5 52. Re4 b5
1/2-1/2

[Event "Mittelfrankenliga 05/06 (B2a)"]
[Site "Mfr.2005/06-R4"]
[Date "2006.01.15"]
[Round "4.2"]
[White "Guenther, Torsten"]
[Black "Aronow, Maxim"]
[Result "0-1"]
[WhiteElo "1978"]
[BlackElo "2291"]
[Annotator "Siem.Erlangen1-SZFürth1"]
[PlyCount "64"]
[EventDate "2006.01.15"]
[SourceDate "2005.10.17"]

1. c4 Nf6 2. g3 e5 3. Bg2 d5 4. cxd5 Nxd5 5. Nc3 Nb6 6. Nf3 Nc6 7. O-O Be7 8.
b3 O-O 9. Bb2 Bg4 10. h3 Bh5 11. Kh2 Qd7 12. d3 f5 13. Nb1 Bf6 14. Qc1 Rae8 15.
Rd1 e4 16. Ng1 Bd4 17. Na3 Bxf2 18. dxe4 Qf7 19. Rf1 fxe4 20. Qc3 Qg6 21. g4
Bd4 22. Qc2 Bxb2 23. Qxb2 Rxf1 24. Rxf1 Qd6+ 25. Kh1 Bg6 26. Nc2 Qd2 27. Qc1
Rd8 28. h4 h6 29. Bh3 Qxc1 30. Rxc1 Rd2 31. Kg2 Nd5 32. Kf2 Rxc2 0-1

[Event "Mittelfrankenliga 05/06 (B2a)"]
[Site "Mfr.2005/06-R4"]
[Date "2006.01.15"]
[Round "4.3"]
[White "Eckhardt, Wladislaw"]
[Black "Loehr, Roland"]
[Result "1-0"]
[WhiteElo "2144"]
[BlackElo "1958"]
[Annotator "Siem.Erlangen1-SZFürth1"]
[PlyCount "41"]
[EventDate "2006.01.15"]
[SourceDate "2005.10.17"]

1. Nf3 Nf6 2. g3 g6 3. b4 Bg7 4. Bb2 c6 5. Bg2 Qb6 6. Nc3 Qxb4 7. Rb1 O-O 8.
Nd5 Qd6 9. Nxf6+ Bxf6 10. h4 Na6 11. h5 g5 12. h6 Bxb2 13. Rxb2 g4 14. Nh4 f5
15. e4 Qf6 16. Nxf5 Qxb2 17. Qxg4+ Kf7 18. Qh5+ Kg8 19. Qg5+ Kf7 20. Qxe7+ Kg8
21. e5 1-0

[Event "Mittelfrankenliga 05/06 (B2a)"]
[Site "Mfr.2005/06-R4"]
[Date "2006.01.15"]
[Round "4.4"]
[White "Poelsterl, Hans"]
[Black "Hepting, Heinrich"]
[Result "0-1"]
[WhiteElo "1863"]
[BlackElo "2155"]
[Annotator "Siem.Erlangen1-SZFürth1"]
[PlyCount "136"]
[EventDate "2006.01.15"]
[SourceDate "2005.10.17"]

1. c4 f5 2. Nc3 Nf6 3. Nf3 g6 4. g3 Bg7 5. Bg2 d6 6. d4 O-O 7. O-O c6 8. Qc2
Qe8 9. d5 Na6 10. a3 Bd7 11. Rd1 cxd5 12. cxd5 Ne4 13. Nxe4 Ba4 14. Nxd6 exd6
15. b3 Bxa1 16. Bh6 Bxb3 17. Qxb3 Nc5 18. Qc4 Bg7 19. Bxg7 Kxg7 20. Ng5 Rc8 21.
Qd4+ Qe5 22. Qh4 h6 23. Ne6+ Nxe6 24. Qe7+ Kh8 25. Qxe6 Qxe6 26. dxe6 Kg7 27.
Bxb7 Rc7 28. Ba6 Rd8 29. Bb5 Kf6 30. Bd7 Rc2 31. Rxd6 Rxe2 32. a4 Rb8 33. Rd1
Rbb2 34. Rf1 Rbc2 35. Kg2 g5 36. h3 a6 37. Kf3 Ke7 38. Kg2 g4 39. hxg4 fxg4 40.
Kg1 h5 41. Kg2 Red2 42. Kg1 Re2 43. Kg2 Kf6 44. Kg1 Kg5 45. Rd1 Kf6 46. Rf1 Ke7
47. Kg2 Re5 48. Rh1 Rf5 49. Rf1 Rf3 50. Kg1 Rfc3 51. Re1 Rf3 52. Rf1 Rf5 53.
Kg2 Re2 54. Kg1 Rfe5 55. Rc1 Re1+ 56. Rxe1 Rxe1+ 57. Kg2 a5 58. Bc8 Kf6 59. Bd7
Ke7 60. Bc8 Kd6 61. Bd7 Kc5 62. Bc8 Kd4 63. Bd7 Kd5 64. Kh2 Rxe6 65. Bxe6+ Kxe6
66. Kg2 Kd5 67. f4 gxf3+ 68. Kxf3 Kc4 0-1

[Event "Mittelfrankenliga 05/06 (B2a)"]
[Site "Mfr.2005/06-R4"]
[Date "2006.01.15"]
[Round "4.5"]
[White "Stolpynskyy, Mark"]
[Black "Mueller, Stefan[65]"]
[Result "1-0"]
[WhiteElo "2114"]
[BlackElo "1967"]
[Annotator "Siem.Erlangen1-SZFürth1"]
[PlyCount "109"]
[EventDate "2006.01.15"]
[SourceDate "2005.10.17"]

1. d4 Nf6 2. Nf3 d5 3. c4 dxc4 4. g3 c6 5. Bg2 Bg4 6. Ne5 Bh5 7. O-O Nbd7 8.
Nxc4 Nb6 9. Ne5 Rc8 10. Nc3 e6 11. Bg5 Be7 12. a3 O-O 13. Rc1 Ng4 14. Bxe7 Qxe7
15. Nxg4 Bxg4 16. Qc2 Qf6 17. e3 Rfd8 18. Ne4 Qh6 19. Nc5 Rc7 20. Qe4 Bh3 21.
b4 Bxg2 22. Kxg2 Rd5 23. Nd3 Rh5 24. Rh1 Nd7 25. Qf4 Qxf4 26. Nxf4 Rb5 27. Ne2
Nb6 28. Nc3 Rf5 29. g4 Rg5 30. h3 e5 31. Rhd1 h5 32. f4 exf4 33. exf4 Rg6 34.
f5 Rf6 35. Ne4 Rh6 36. g5 Rh8 37. d5 Rc8 38. dxc6 bxc6 39. Rd6 Kh7 40. Rdxc6
Rcd8 41. Nd6 Rhf8 42. Nxf7 Rd2+ 43. Kg1 Re8 44. g6+ Kg8 45. Ng5 Rd5 46. R6c5
Rd3 47. Ne6 Rxh3 48. Rc7 Nd5 49. Rxg7+ Kh8 50. Rd7 Rg3+ 51. Kf2 Rd3 52. Rc2 a6
53. f6 Nxf6 54. Rxd3 Rxe6 55. Rc7 1-0

[Event "Mittelfrankenliga 05/06 (B2a)"]
[Site "Mfr.2005/06-R4"]
[Date "2006.01.15"]
[Round "4.6"]
[White "Weh, Peter"]
[Black "Schatz, Werner[33]"]
[Result "0-1"]
[WhiteElo "1839"]
[BlackElo "2010"]
[Annotator "Siem.Erlangen1-SZFürth1"]
[PlyCount "48"]
[EventDate "2006.01.15"]
[SourceDate "2005.10.17"]

1. c4 c5 2. Nc3 Nc6 3. g3 g6 4. Bg2 Bg7 5. d3 d6 6. e4 e6 7. Nge2 Nge7 8. Be3
Nd4 9. O-O O-O 10. Rb1 Nec6 11. Qd2 a6 12. f4 Rb8 13. g4 b5 14. Ng3 Bd7 15. Nd1
Qa5 16. Nf2 bxc4 17. dxc4 Qxa2 18. g5 Qxc4 19. Ng4 Qc2 20. Qe1 f6 21. Rf2 Qb3
22. gxf6 Bxf6 23. Nxf6+ Rxf6 24. h4 Nc2 0-1

[Event "Mittelfrankenliga 05/06 (B2a)"]
[Site "Mfr.2005/06-R4"]
[Date "2006.01.15"]
[Round "4.7"]
[White "Pidtoptanyy, Igor"]
[Black "Fainberg, Jakob"]
[Result "1-0"]
[WhiteElo "1871"]
[BlackElo "1961"]
[Annotator "Siem.Erlangen1-SZFürth1"]
[PlyCount "57"]
[EventDate "2006.01.15"]
[SourceDate "2005.10.17"]

1. e4 c5 2. c3 Nc6 3. d4 e6 4. Nf3 b6 5. d5 exd5 6. exd5 Nce7 7. d6 Nc6 8. Qe2+
Nge7 9. dxe7 Bxe7 10. Be3 O-O 11. Qc2 Bb7 12. Be2 d5 13. O-O Rc8 14. Bf4 g5 15.
Qf5 f6 16. Bg3 Kg7 17. Na3 Nb8 18. Rad1 a6 19. Bc4 d4 20. Be6 Bxf3 21. Qxf3 Rc6
22. Bd5 Rd6 23. Bxd6 Bxd6 24. cxd4 cxd4 25. Rxd4 Nd7 26. Be4 Qc7 27. Qh3 h5 28.
Rfd1 Rc8 29. Qxh5 1-0

[Event "Mittelfrankenliga 05/06 (B2a)"]
[Site "Mfr.2005/06-R4"]
[Date "2006.01.15"]
[Round "4.2"]
[White "Brunner, Wolfgang"]
[Black "Roesel, Gert"]
[Result "1/2-1/2"]
[WhiteElo "1925"]
[BlackElo "1889"]
[Annotator "Neumarkt1-Altensittenbach2"]
[PlyCount "79"]
[EventDate "2006.01.15"]
[SourceDate "2005.10.17"]

1. d4 Nf6 2. c4 e6 3. Nc3 Bb4 4. Bd2 d5 5. e3 O-O 6. Nf3 Nbd7 7. a3 Bxc3 8.
Bxc3 Ne4 9. cxd5 exd5 10. Qb3 Ndf6 11. Be2 c6 12. O-O Qb6 13. Bb4 a5 14. Qa4
Re8 15. Bc3 Bg4 16. h3 Bh5 17. Qc2 Qc7 18. Rfe1 Bxf3 19. Bxf3 Ng5 20. Qf5 Nxf3+
21. gxf3 Qd7 22. Qxd7 Nxd7 23. b4 axb4 24. axb4 b5 25. Ra5 Nb6 26. Rea1 Na4 27.
Rxa8 Rxa8 28. Be1 f5 29. Kg2 Kf7 30. Kg3 Re8 31. f4 Re6 32. Bd2 Rg6+ 33. Kf3
Re6 34. Ra2 Kg6 35. Kg3 Kh5 36. Kh2 Rg6 37. Ra1 Nb2 38. Rg1 Rxg1 39. Kxg1 Nc4
40. Be1 1/2-1/2

[Event "Mittelfrankenliga 05/06 (B2a)"]
[Site "Mfr.2005/06-R4"]
[Date "2006.01.15"]
[Round "4.3"]
[White "Endres, Christian"]
[Black "Weidenhoefer, Martin"]
[Result "0-1"]
[WhiteElo "1736"]
[BlackElo "1910"]
[Annotator "Neumarkt1-Altensittenbach2"]
[PlyCount "90"]
[EventDate "2006.01.15"]
[SourceDate "2005.10.17"]

1. Nf3 d5 2. c4 c6 3. g3 Nf6 4. Bg2 Nbd7 5. cxd5 cxd5 6. d4 e6 7. O-O Bd6 8. b3
b6 9. Ba3 Bxa3 10. Nxa3 Ba6 11. Rc1 Qe7 12. Nb1 O-O 13. Qd2 Rac8 14. Qb2 Ne4
15. b4 Bc4 16. a4 a5 17. b5 Qb4 18. Qxb4 axb4 19. Rc2 b3 20. Rb2 Ra8 21. Nfd2
Nxd2 22. Nxd2 Rxa4 23. Nxc4 dxc4 24. Rc1 Nf6 25. Kf1 Nd5 26. Ke1 g6 27. e3 Rfa8
28. Rbb1 R8a5 29. Bf1 Rb4 30. Rxc4 Rxc4 31. Bxc4 Nc3 32. Rxb3 Ra1+ 33. Kd2 Ne4+
34. Kc2 Nxf2 35. Rb1 Ra7 36. Be2 Ne4 37. Kd3 f5 38. Rb3 Ra2 39. Bf1 Nd2 40. Ra3
Rxa3+ 41. Kxd2 Ra2+ 42. Kc3 Rxh2 43. d5 Kf7 44. d6 Rh1 45. Bc4 Rd1 0-1

[Event "Mittelfrankenliga 05/06 (B2a)"]
[Site "Mfr.2005/06-R4"]
[Date "2006.01.15"]
[Round "4.4"]
[White "Kipferl, Wolfgang,Dr."]
[Black "Schoemig, Anton"]
[Result "0-1"]
[WhiteElo "1832"]
[BlackElo "1866"]
[Annotator "Neumarkt1-Altensittenbach2"]
[PlyCount "58"]
[EventDate "2006.01.15"]
[SourceDate "2005.10.17"]

1. e4 c6 2. d4 d5 3. Nc3 dxe4 4. Nxe4 Bf5 5. Ng3 Bg6 6. Nf3 Nd7 7. Bd3 Bxd3 8.
Qxd3 e6 9. Bf4 Ngf6 10. O-O Be7 11. c4 O-O 12. a3 a6 13. Rfd1 Qb6 14. b4 a5 15.
Rab1 axb4 16. axb4 Ra4 17. b5 cxb5 18. Rxb5 Qa6 19. Rdb1 b6 20. Nd2 Rc8 21. Qe3
Ra1 22. Nf5 exf5 23. Qxe7 Re8 24. Qd6 Re1+ 25. Rxe1 Rxe1+ 26. Nf1 Qa1 27. h3
Rxf1+ 28. Kh2 Rh1+ 29. Kg3 Ne4+ 0-1

[Event "Mittelfrankenliga 05/06 (B2a)"]
[Site "Mfr.2005/06-R4"]
[Date "2006.01.15"]
[Round "4.5"]
[White "Bayer, Willi"]
[Black "Niebler, Andreas"]
[Result "1/2-1/2"]
[WhiteElo "1610"]
[BlackElo "1826"]
[Annotator "Neumarkt1-Altensittenbach2"]
[PlyCount "69"]
[EventDate "2006.01.15"]
[SourceDate "2005.10.17"]

1. d4 Nf6 2. e3 g6 3. Bd3 Bg7 4. c3 d6 5. Nf3 Nbd7 6. O-O O-O 7. Re1 e5 8. Nbd2
Re8 9. e4 c6 10. h3 Qc7 11. dxe5 dxe5 12. Nf1 Nf8 13. Be3 Bd7 14. Qe2 b6 15.
Rad1 Rad8 16. N1h2 Be6 17. Bb1 c5 18. Rxd8 Rxd8 19. Rd1 Nh5 20. Rxd8 Qxd8 21.
Qd2 Qxd2 22. Nxd2 Nf6 23. f3 Ne8 24. b3 Nc7 25. Bd3 Nd7 26. c4 Na6 27. Kf2 Nb4
28. Bb1 f6 29. f4 Bf7 30. g4 Nc6 31. Nhf3 Kf8 32. a3 Ke7 33. f5 g5 34. h4 h6
35. h5 1/2-1/2

[Event "Mittelfrankenliga 05/06 (B2a)"]
[Site "Mfr.2005/06-R4"]
[Date "2006.01.15"]
[Round "4.6"]
[White "Moesl, Sebastian"]
[Black "Schwarm, Werner"]
[Result "1-0"]
[WhiteElo "1793"]
[BlackElo "1809"]
[Annotator "Neumarkt1-Altensittenbach2"]
[PlyCount "49"]
[EventDate "2006.01.15"]
[SourceDate "2005.10.17"]

1. e4 d5 2. exd5 Nf6 3. Nc3 Nxd5 4. Nxd5 Qxd5 5. Nf3 Bg4 6. Be2 e6 7. c3 c5 8.
Qa4+ Nc6 9. Qxg4 a6 10. O-O h5 11. Qg5 e5 12. d3 Be7 13. Qf5 g6 14. Qe4 Qe6 15.
Bg5 f6 16. d4 O-O-O 17. Rad1 f5 18. Qe3 cxd4 19. cxd4 Qxa2 20. Bxe7 Nxe7 21.
Qc3+ Kb8 22. dxe5 Nd5 23. Qc4 Qxb2 24. Rd2 Qb5 25. Rfd1 1-0

[Event "Mittelfrankenliga 05/06 (B2a)"]
[Site "Mfr.2005/06-R4"]
[Date "2006.01.15"]
[Round "4.7"]
[White "Churt, Kerstin,Dr."]
[Black "Muenz, Benedikt"]
[Result "1/2-1/2"]
[WhiteElo "1787"]
[BlackElo "1755"]
[Annotator "Neumarkt1-Altensittenbach2"]
[PlyCount "91"]
[EventDate "2006.01.15"]
[SourceDate "2005.10.17"]

1. e4 c6 2. d4 d5 3. Nc3 dxe4 4. Nxe4 Bf5 5. Ng3 Bg6 6. Nf3 Nd7 7. Bc4 e6 8.
O-O Bd6 9. Re1 Bxg3 10. hxg3 Ne7 11. c3 O-O 12. Qb3 Nb6 13. Bf1 Qd5 14. c4 Qd7
15. Bg5 Rfe8 16. Rad1 Rad8 17. a4 Qc8 18. Qb4 f6 19. a5 Na8 20. Bf4 Bf7 21. Bd3
Ng6 22. Bc2 Nxf4 23. gxf4 Nc7 24. Qc3 b6 25. Nh4 c5 26. axb6 axb6 27. Ba4 cxd4
28. Rxd4 Rf8 29. Red1 Rxd4 30. Qxd4 Qb7 31. Bc2 Na6 32. Nf3 Nb4 33. Be4 Qc7 34.
b3 f5 35. Bb1 Nc6 36. Qe3 Rd8 37. Rxd8+ Qxd8 38. Qd2 Qxd2 39. Nxd2 Nd4 40. g3
Kf8 41. f3 Ke7 42. Kf2 Kd6 43. Ke3 Nc6 44. Kd3 Kc5 45. Kc3 h6 46. Bd3 1/2-1/2

[Event "Mittelfrankenliga 05/06 (B2a)"]
[Site "Mfr.2005/06-R4"]
[Date "2006.01.15"]
[Round "4.8"]
[White "Maertin, Eberhard"]
[Black "Preisser, Reinhard"]
[Result "1/2-1/2"]
[WhiteElo "1668"]
[BlackElo "1747"]
[Annotator "Neumarkt1-Altensittenbach2"]
[PlyCount "72"]
[EventDate "2006.01.15"]
[SourceDate "2005.10.17"]

1. d4 d5 2. Nc3 Nf6 3. Bg5 e6 4. e4 dxe4 5. Nxe4 Be7 6. Bxf6 Bxf6 7. Nf3 Nc6 8.
c3 O-O 9. Bd3 b6 10. Qe2 Bb7 11. O-O-O a5 12. h4 a4 13. a3 Na5 14. Bc2 Nb3+ 15.
Kb1 Be7 16. Nfg5 g6 17. Nf3 Qd5 18. Neg5 Qd8 19. Rhe1 Bxf3 20. Nxf3 Bxh4 21.
Rh1 Bf6 22. Rh3 Kg7 23. g4 Rh8 24. Qe3 h6 25. Rdh1 g5 26. Ne5 Qd6 27. f4 Bxe5
28. fxe5 Qe7 29. Qe4 f5 30. gxf5 exf5 31. Qxf5 Qf7 32. Qe4 Rae8 33. Rf3 Nd2+
34. Kc1 Nxe4 35. Rxf7+ Kxf7 36. Bxe4 Ke7 1/2-1/2

[Event "Mittelfrankenliga 05/06 (B2a)"]
[Site "Mfr.2005/06-R4"]
[Date "2006.01.15"]
[Round "4.1"]
[White "Lausen, Berthold,Dr."]
[Black "Kalender, Benjamin"]
[Result "0-1"]
[WhiteElo "1960"]
[BlackElo "2049"]
[Annotator "Forchheim3-SG/TB Erlangen2"]
[PlyCount "78"]
[EventDate "2006.01.15"]
[SourceDate "2005.10.17"]

1. d4 f5 2. Bg5 h6 3. Bf4 g5 4. Bg3 Nf6 5. e3 Bg7 6. Nf3 O-O 7. h4 g4 8. Ne5
Qe8 9. Nc3 d6 10. Bc4+ Kh7 11. Nd3 c6 12. Nf4 e5 13. dxe5 dxe5 14. Nfe2 Be6 15.
Bb3 Bxb3 16. axb3 Qe6 17. Qd3 Rf7 18. O-O-O Rd7 19. Qc4 Qe7 20. Rxd7 Nbxd7 21.
Rd1 Re8 22. Qd3 Qe6 23. f3 Re7 24. Rf1 gxf3 25. gxf3 Nc5 26. Qc4 Nfd7 27. Qxe6
Nxe6 28. Bf2 a6 29. Ng3 Rf7 30. Nh5 Bf8 31. Ng3 Bc5 32. Nd1 f4 33. Ne4 fxe3 34.
Bxe3 Bxe3+ 35. Nxe3 Ndc5 36. Nd6 Rd7 37. Ndc4 Rd4 38. Nxe5 Rxh4 39. N3g4 h5 0-1

[Event "Mittelfrankenliga 05/06 (B2a)"]
[Site "Mfr.2005/06-R4"]
[Date "2006.01.15"]
[Round "4.2"]
[White "Balle, Alfred"]
[Black "Weiss, Markus[86]"]
[Result "0-1"]
[WhiteElo "1911"]
[BlackElo "1921"]
[Annotator "Forchheim3-SG/TB Erlangen2"]
[PlyCount "30"]
[EventDate "2006.01.15"]
[SourceDate "2005.10.17"]

1. e4 e6 2. d4 d5 3. Nd2 Nf6 4. e5 Nfd7 5. f4 c5 6. c3 Nc6 7. Ndf3 Qb6 8. Ne2
f6 9. g3 cxd4 10. cxd4 Bb4+ 11. Bd2 fxe5 12. fxe5 O-O 13. Qb3 Rxf3 14. Qxf3
Bxd2+ 15. Kxd2 Qxb2+ 0-1